| 000 | 00380nam a22000977a 4500 | ||
|---|---|---|---|
| 999 |
_c11199 _d11199 |
||
| 008 | 181009b ||||| |||| 00| 0 eng d | ||
| 020 | _a9789384401788 | ||
| 100 |
_aWEI, CHEN _96955 |
||
| 245 |
_aJACK MA FOUNDER AND CEO OF THE ALIBABA GROUP _bthe authorized biography by his assistant. the real jack ma you may never have imagined to know |
||
| 260 |
_aNew Delhi _bPigeon Publication _c2015 |
||